000 00468nam a2200181Ia 4500
008 131103s9999 xx 000 0 und d
020 _a333901738
_cRs.46.00
040 _aLoreto College
041 _aEnglish
082 _a920/TAG
_bLCBED/12989
100 _aTagore,Rabindranath
245 _aNationalism
_cRabindranath Tagore
260 _aDelhi
_bMacmillan
_c1995
300 _a82 p.
_c 18 cm.
650 _aBiography
850 _aLCBED/920/TAG
942 _cBK
999 _c30688
_d81167